[Event "Junior Online 4NCL Division 5"]
[Site "online"]
[Date "2020.04.16"]
[Round "1.221"]
[White "Morgan, Emyr"]
[Black "Knight, Michael D"]
[Result "0-1"]
[WhiteElo "757"]
[BlackElo "1210"]
[PlyCount "68"]
[EventDate "2020.04.16"]
[WhiteTeam "Rhydypenau Raiders"]
[BlackTeam "Uxbridge Juniors Jamma"]

1. e4 e6 2. d4 d5 3. Nc3 c5 4. exd5 exd5 5. dxc5 Bxc5 6. Nb5 Bd7 7. Qxd5 Bxb5
8. Qxb7 Bc6 9. Qb3 Qe7+ 10. Be2 Bxg2 11. Nf3 Bxh1 12. Nd2 Nf6 13. Nc4 O-O 14.
Bg5 Nbd7 15. O-O-O Qxe2 16. Rxh1 Qxf2 17. Bxf6 Nxf6 18. Qd3 Rad8 19. Rf1 Rxd3
20. Rxf2 Bxf2 21. cxd3 Rc8 22. b4 Nd5 23. a3 a6 24. Kd2 Nf4 25. Nd6 Rd8 26. Nb7
Rxd3+ 27. Kc2 Rxa3 28. Kb2 Rh3 29. Nc5 Rxh2 30. Nxa6 Bd4+ 31. Kb3 Nd5 32. b5
Rb2+ 33. Ka4 Nc3+ 34. Ka5 Rxb5# 0-1

[Event "Junior Online 4NCL Division 5"]
[Site "online"]
[Date "2020.04.16"]
[Round "1.222"]
[White "Aurangabadkar, Anish R"]
[Black "Goldsmith, Henry"]
[Result "0-1"]
[WhiteElo "1075"]
[BlackElo "778"]
[PlyCount "122"]
[EventDate "2020.04.16"]
[WhiteTeam "Uxbridge Juniors Jamma"]
[BlackTeam "Rhydypenau Raiders"]

1. e4 e5 2. Nf3 Nc6 3. Bc4 Bc5 4. d3 d6 5. Ng5 Be6 6. Bxe6 fxe6 7. Nxe6 Qe7 8.
Nxc5 dxc5 9. O-O O-O-O 10. Nc3 Nd4 11. Ne2 Nf6 12. Nxd4 cxd4 13. Bg5 h6 14. Bh4
g5 15. Bg3 h5 16. h3 h4 17. Bh2 Rhf8 18. c3 dxc3 19. bxc3 Rfe8 20. Qe2 Qe6 21.
Rab1 g4 22. hxg4 Nxg4 23. Qb2 b6 24. f3 Ne3 25. Rfe1 Rxd3 26. Qe2 Rxc3 27. Qd2
Ra3 28. Qc1 Qxa2 29. Rb2 Qe6 30. Rxe3 Rxe3 31. Qxe3 a5 32. Qd3 Rd8 33. Qa6+ Kd7
34. Rd2+ Ke8 35. Rxd8+ Kxd8 36. Qd3+ Qd7 37. Qxd7+ Kxd7 38. Bxe5 c5 39. g4 a4
40. g5 Ke8 41. g6 Kf8 42. g7+ Kg8 43. f4 a3 44. f5 a2 45. Bf4 a1=Q+ 46. Kf2
Qxg7 47. Bd6 Qd4+ 48. Kf3 Qxd6 49. Kg4 c4 50. Kxh4 Qf4+ 51. Kh5 Qxe4 52. Kg5 c3
53. f6 Qe5+ 54. Kg6 Qe6 55. Kg5 Kf7 56. Kh6 c2 57. Kg5 Qxf6+ 58. Kg4 Ke6 59.
Kh5 Qg7 60. Kh4 Kf5 61. Kh5 Qg5# 0-1

[Event "Junior Online 4NCL Division 5"]
[Site "online"]
[Date "2020.04.16"]
[Round "1.223"]
[White "Kong, Emma"]
[Black "Shotton, Alex"]
[Result "1/2-1/2"]
[WhiteElo "599"]
[BlackElo "1067"]
[PlyCount "149"]
[EventDate "2020.04.16"]
[WhiteTeam "Rhydypenau Raiders"]
[BlackTeam "Uxbridge Juniors Jamma"]

1. e4 e5 2. Nf3 d5 3. exd5 f6 4. Nc3 Ne7 5. Bc4 b5 6. Bxb5+ c6 7. Ba4 Nxd5 8.
Nxd5 Qxd5 9. O-O e4 10. Bb3 Qd6 11. Nh4 g5 12. d4 gxh4 13. Re1 f5 14. Qh5+ Kd8
15. Bg5+ Be7 16. Rad1 h6 17. Bxe7+ Qxe7 18. Re3 Ba6 19. Rc3 Qd6 20. Qxf5 Nd7
21. Be6 Nf8 22. Qf6+ Qe7 23. Qxh8 Qxe6 24. Qxf8+ Qe8 25. Qxe8+ Kxe8 26. Rxc6
Bb5 27. Rc7 Rd8 28. h3 e3 29. fxe3 Ba6 30. Re1 Rc8 31. Rg7 Kf8 32. e4 Kxg7 33.
e5 Kf7 34. d5 Rd8 35. Rd1 Bb7 36. e6+ Kf6 37. Rf1+ Ke5 38. Re1+ Kxd5 39. e7 Re8
40. Rd1+ Ke6 41. Re1+ Kf7 42. Rf1+ Kxe7 43. Re1+ Kf8 44. Rf1+ Ke7 45. Re1+ Kf8
46. Rxe8+ Kxe8 47. c4 Ke7 48. b4 Kd6 49. c5+ Kc6 50. a3 Kb5 51. Kf2 Ka4 52. Ke3
Kxa3 53. b5 Kb4 54. c6 Bc8 55. c7 Kxb5 56. g4 Kc6 57. Kf4 Kxc7 58. g5 hxg5+ 59.
Kxg5 Bxh3 60. Kxh4 Bc8 61. Kg5 a6 62. Kf4 a5 63. Ke3 Kb6 64. Kd3 a4 65. Kc2 Kb5
66. Kb2 Kb4 67. Ka2 Be6+ 68. Ka1 a3 69. Kb1 Kb3 70. Ka1 Bd5 71. Kb1 a2+ 72. Ka1
Ka4 73. Kb2 Be6 74. Ka1 Bf5 75. Kxa2 1/2-1/2

[Event "Junior Online 4NCL Division 5"]
[Site "online"]
[Date "2020.04.16"]
[Round "1.224"]
[White "Dhir, Jai Alexander"]
[Black "Greenman, Max"]
[Result "1-0"]
[WhiteElo "1037"]
[BlackElo "561"]
[PlyCount "49"]
[EventDate "2020.04.16"]
[WhiteTeam "Uxbridge Juniors Jamma"]
[BlackTeam "Rhydypenau Raiders"]

1. e4 e5 2. Nf3 Nc6 3. d4 d6 4. d5 Nce7 5. Be2 f5 6. Nc3 c6 7. Bd3 Nf6 8. Qe2
f4 9. O-O g6 10. g3 fxg3 11. fxg3 Bg7 12. Bg5 O-O 13. Bxf6 Rxf6 14. Ng5 Rxf1+
15. Rxf1 cxd5 16. exd5 Qb6+ 17. Kh1 h6 18. Ne6 Bxe6 19. dxe6 Rf8 20. Nd5 Nxd5
21. Bxg6 Rxf1+ 22. Qxf1 Ne3 23. Qf7+ Kh8 24. Qe8+ Bf8 25. Qxf8# 1-0

[Event "Junior Online 4NCL Division 5"]
[Site "online"]
[Date "2020.04.16"]
[Round "1.225"]
[White "Knight, Michael D"]
[Black "Morgan, Emyr"]
[Result "1-0"]
[WhiteElo "1210"]
[BlackElo "757"]
[PlyCount "75"]
[EventDate "2020.04.16"]
[WhiteTeam "Uxbridge Juniors Jamma"]
[BlackTeam "Rhydypenau Raiders"]

1. e4 e5 2. Nf3 Nc6 3. Bc4 Nf6 4. Ng5 Qe7 5. Nxf7 Rg8 6. Nd6+ Qxd6 7. Bxg8 Nxg8
8. d3 Nf6 9. Be3 Qb4+ 10. Nc3 Qxb2 11. Bd2 Qb4 12. Nd5 Qb2 13. Nxc7+ Kd8 14.
Nxa8 Nb4 15. Bxb4 Qxb4+ 16. Qd2 Qb2 17. O-O Bb4 18. Qg5 h6 19. Qxg7 Ne8 20.
Qxh6 Qxc2 21. Qg5+ Be7 22. Qxe5 Bf6 23. Qa5+ Nc7 24. Rac1 Qxd3 25. Qxc7+ Ke8
26. Qxc8+ Bd8 27. Nc7+ Kf7 28. Qxd8 Qxe4 29. Qxd7+ Qe7 30. Qxe7+ Kxe7 31. Rcd1
Kf6 32. Rfe1 Kf5 33. Rd3 b5 34. Rf3+ Kg4 35. Re5 a5 36. Ref5 b4 37. h3+ Kh4 38.
R3f4# 1-0

[Event "Junior Online 4NCL Division 5"]
[Site "online"]
[Date "2020.04.16"]
[Round "1.226"]
[White "Goldsmith, Henry"]
[Black "Aurangabadkar, Anish R"]
[Result "1-0"]
[WhiteElo "778"]
[BlackElo "1075"]
[PlyCount "77"]
[EventDate "2020.04.16"]
[WhiteTeam "Rhydypenau Raiders"]
[BlackTeam "Uxbridge Juniors Jamma"]

1. e4 e5 2. Nf3 Nc6 3. Bc4 Bc5 4. Nc3 Nh6 5. d3 O-O 6. Bg5 Ne7 7. Nxe5 Bd4 8.
Bxh6 gxh6 9. Qg4+ Kh8 10. Nxf7+ Rxf7 11. Bxf7 Ng6 12. Bxg6 hxg6 13. Qxg6 Bxc3+
14. bxc3 Qg8 15. Qxh6+ Qh7 16. Qxh7+ Kxh7 17. O-O c6 18. f4 d5 19. exd5 cxd5
20. f5 Bxf5 21. Rxf5 Kg6 22. Rxd5 b6 23. Re1 a5 24. Re6+ Kf7 25. Rde5 Kg7 26.
Rf5 Rf8 27. Rxf8 Kxf8 28. Kf2 Kf7 29. Rxb6 a4 30. Ke3 a3 31. Kf4 Ke7 32. Ke5
Kd7 33. Rh6 Kc7 34. Kd5 Kb7 35. Kc5 Kc7 36. Rh7+ Kd8 37. Kd6 Kc8 38. Rg7 Kd8
39. Rg8# 1-0

[Event "Junior Online 4NCL Division 5"]
[Site "online"]
[Date "2020.04.16"]
[Round "1.227"]
[White "Shotton, Alex"]
[Black "Kong, Emma"]
[Result "0-1"]
[WhiteElo "1067"]
[BlackElo "599"]
[PlyCount "42"]
[EventDate "2020.04.16"]
[WhiteTeam "Uxbridge Juniors Jamma"]
[BlackTeam "Rhydypenau Raiders"]

1. e4 e5 2. Nf3 Nc6 3. Bc4 Bc5 4. a3 d6 5. b4 Bb6 6. c3 Nh6 7. a4 Ng4 8. O-O
O-O 9. h3 Nh6 10. a5 Be6 11. Be2 Bxa5 12. bxa5 d5 13. exd5 Bxd5 14. c4 Be4 15.
d3 Bf5 16. g4 Be6 17. Nc3 Qd7 18. Be3 Rad8 19. g5 Bxh3 20. Re1 Qg4+ 21. Kh2
Qg2# 0-1

[Event "Junior Online 4NCL Division 5"]
[Site "online"]
[Date "2020.04.16"]
[Round "1.228"]
[White "Greenman, Max"]
[Black "Dhir, Jai Alexander"]
[Result "1-0"]
[WhiteElo "561"]
[BlackElo "1037"]
[PlyCount "95"]
[EventDate "2020.04.16"]
[WhiteTeam "Rhydypenau Raiders"]
[BlackTeam "Uxbridge Juniors Jamma"]

1. e4 e6 2. d4 d5 3. Nc3 c5 4. Bb5+ Bd7 5. Bxd7+ Qxd7 6. Nce2 Be7 7. c3 Nc6 8.
Nf3 Nf6 9. e5 Ne4 10. Be3 b6 11. Qd3 O-O 12. O-O c4 13. Qc2 a5 14. Rfe1 b5 15.
a3 b4 16. axb4 axb4 17. Rxa8 Rxa8 18. h3 b3 19. Qb1 Ra6 20. Rf1 Qa7 21. Nh2 Ra1
22. Qxa1 Qxa1 23. Rxa1 h6 24. f3 Bg5 25. Bxg5 Nxg5 26. Ra8+ Kh7 27. Rc8 Ne7 28.
Rb8 Nf5 29. f4 Ne4 30. Rf8 Ne3 31. Rxf7 Nd1 32. Re7 Nxb2 33. Rxe6 Nd3 34. f5 b2
35. Rb6 Nd2 36. Ng4 b1=Q+ 37. Rxb1 Nxb1 38. f6 gxf6 39. Nxf6+ Kg7 40. Nh5+ Kf7
41. Kf1 Nd2+ 42. Kg1 Ke6 43. Ng7+ Kf7 44. Nf5 h5 45. g4 hxg4 46. hxg4 Nf3+ 47.
Kg2 Nd2 48. g5 1-0

[Event "Junior Online 4NCL Division 5"]
[Site "online"]
[Date "2020.04.16"]
[Round "1.231"]
[White "Sareen, Rohan"]
[Black "Conway, Tom"]
[Result "0-1"]
[WhiteElo "1187"]
[BlackElo "747"]
[PlyCount "62"]
[EventDate "2020.04.16"]
[WhiteTeam "Hallfield School C"]
[BlackTeam "Gonzaga College SJ D"]

1. e4 e6 2. d4 d5 3. e5 c5 4. c3 Nc6 5. Nf3 Qb6 6. dxc5 Bxc5 7. Be3 Bxe3 8.
fxe3 Qxb2 9. Nbd2 Qxc3 10. Qb3 Qxa1+ 11. Ke2 Nge7 12. Nd4 Nxd4+ 13. exd4 Qxd4
14. Nf3 Qc4+ 15. Qxc4 dxc4 16. Kd2 b5 17. a4 Ba6 18. axb5 Bxb5 19. Kc3 Rc8 20.
Nd4 Ba6 21. Kb4 Nc6+ 22. Kc5 Nxd4+ 23. Kxd4 O-O 24. Kc3 Rfd8 25. Kb4 Rd1 26.
Ka5 Rc6 27. h4 c3 28. Be2 Bxe2 29. Rh3 Rb6 30. Rxc3 Ra1+ 31. Ra3 Rxa3# 0-1

[Event "Junior Online 4NCL Division 5"]
[Site "online"]
[Date "2020.04.16"]
[Round "1.232"]
[White "Carton, John"]
[Black "Agrawal, Anay"]
[Result "1-0"]
[WhiteElo "716"]
[BlackElo "1210"]
[PlyCount "123"]
[EventDate "2020.04.16"]
[WhiteTeam "Gonzaga College SJ D"]
[BlackTeam "Hallfield School C"]

1. e4 e5 2. Nf3 Nc6 3. Bb5 Nf6 4. Nc3 Bc5 5. O-O O-O 6. d3 d6 7. Bg5 h6 8. Bh4
Bd7 9. h3 a6 10. Bxc6 Bxc6 11. Re1 Qe7 12. a3 Qe6 13. Qd2 d5 14. exd5 Nxd5 15.
Nxd5 Bxd5 16. Rxe5 Qd6 17. Ree1 Bxf3 18. gxf3 Qg6+ 19. Kh2 Qd6+ 20. Kg1 Qg6+
21. Kh2 Qd6+ 22. f4 Rae8 23. b4 Rxe1 24. Rxe1 Ba7 25. Be7 Qg6 26. Bxf8 Kxf8 27.
Qe2 f6 28. Qe7+ Kg8 29. Qe8+ Kh7 30. Qxg6+ Kxg6 31. f3 b6 32. Re7 Bb8 33. Kg3
h5 34. c3 a5 35. d4 axb4 36. axb4 Kh6 37. f5 g6 38. fxg6 Kxg6 39. Kf4 c6+ 40.
Ke4 f5+ 41. Ke3 Kf6 42. Rb7 f4+ 43. Kf2 Bd6 44. Rxb6 Ke6 45. Rxc6 Kd5 46. Rc8
h4 47. b5 Ba3 48. b6 Bb2 49. b7 Bxc3 50. Rxc3 Kxd4 51. Rc7 Kd5 52. b8=Q Kd4 53.
Re7 Kd5 54. Qd8+ Kc4 55. Rc7+ Kb5 56. Qd5+ Kb6 57. Qc6+ Ka5 58. Ra7+ Kb4 59.
Rb7+ Ka5 60. Qc1 Ka6 61. Qb1 Ka5 62. Qb5# 1-0

[Event "Junior Online 4NCL Division 5"]
[Site "online"]
[Date "2020.04.16"]
[Round "1.233"]
[White "Murthy, Rishab"]
[Black "Enkhbaatar, Temuulen"]
[Result "0-1"]
[WhiteElo "1150"]
[BlackElo "634"]
[PlyCount "134"]
[EventDate "2020.04.16"]
[WhiteTeam "Hallfield School C"]
[BlackTeam "Gonzaga College SJ D"]

1. d4 d5 2. Nc3 c6 3. Bf4 Nf6 4. Nf3 Qb6 5. Na4 Qb4+ 6. Nc3 Qxb2 7. Na4 Qb4+ 8.
Bd2 Qxa4 9. e3 Bg4 10. h3 Bh5 11. g4 Bg6 12. h4 Bxc2 13. Qc1 e6 14. Be2 Ba3 15.
Qd1 Bxd1 16. Bxd1 Qc4 17. Be2 Qc2 18. Bd1 Qb2 19. Rc1 Qxc1 20. Bxc1 Bxc1 21. g5
Ne4 22. Ke2 O-O 23. Bc2 Nd7 24. Rxc1 Nc3+ 25. Kd2 Nxa2 26. Ra1 Nb4 27. Ra4 Nxc2
28. Kxc2 Nb6 29. Rb4 a5 30. Rxb6 Rab8 31. Ne5 g6 32. Nd7 Rfd8 33. Nxb8 Rxb8 34.
Kb3 Kg7 35. Ka4 h6 36. gxh6+ Kxh6 37. Kxa5 g5 38. hxg5+ Kxg5 39. Kb4 Kg4 40.
Kc5 Kf3 41. Rb3 Kxf2 42. Rb2+ Kxe3 43. Rh2 b6+ 44. Kd6 c5 45. Kc7 Rg8 46. Rh3+
Kxd4 47. Rh4+ Ke5 48. Rh5+ Kf6 49. Rh6+ Rg6 50. Rh7 c4 51. Kxb6 c3 52. Rh1 d4
53. Kc5 e5 54. Kc4 c2 55. Rf1+ Ke6 56. Rc1 Rg2 57. Kd3 Kd5 58. Rxc2 Rxc2 59.
Kxc2 e4 60. Kd2 e3+ 61. Ke2 f5 62. Ke1 f4 63. Kf1 d3 64. Ke1 Kd4 65. Kd1 f3 66.
Ke1 f2+ 67. Kd1 f1=Q# 0-1

[Event "Junior Online 4NCL Division 5"]
[Site "online"]
[Date "2020.04.16"]
[Round "1.234"]
[White "Maher, James"]
[Black "Gandhi, Preesh"]
[Result "1-0"]
[WhiteElo "627"]
[BlackElo "947"]
[PlyCount "123"]
[EventDate "2020.04.16"]
[WhiteTeam "Gonzaga College SJ D"]
[BlackTeam "Hallfield School C"]

1. e4 e5 2. Nf3 Nc6 3. Nc3 Nf6 4. Bb5 d6 5. Bxc6+ bxc6 6. O-O Bg4 7. h3 Bxf3 8.
Qxf3 Rb8 9. b3 d5 10. d3 d4 11. Ne2 Bc5 12. Bg5 O-O 13. Bxf6 gxf6 14. c3 dxc3
15. Nxc3 Bd4 16. Rac1 Bxc3 17. Rxc3 Qd4 18. Rc4 Qb6 19. Qxf6 Qb5 20. Qxc6 Qxc6
21. Rxc6 Rbc8 22. Rfc1 Rfd8 23. Rxc7 Rxc7 24. Rxc7 Rxd3 25. f3 Rd1+ 26. Kh2 Rd2
27. Rxa7 f6 28. a4 Rb2 29. Rb7 Kf8 30. b4 Ke8 31. b5 Ra2 32. Ra7 Rb2 33. Rxh7
Kd8 34. Kg3 Ra2 35. Ra7 Kc8 36. h4 Kb8 37. b6 Kc8 38. h5 Kd8 39. b7 Kc7 40. h6
Ra1 41. h7 Rh1 42. b8=Q+ Kxb8 43. Rg7 Rh6 44. Rg8+ Kc7 45. h8=Q Rxh8 46. Rxh8
Kd7 47. Rh6 Ke6 48. a5 Ke7 49. a6 Ke6 50. a7 Ke7 51. a8=Q Ke6 52. Qa5 Ke7 53.
Qa6 Kf7 54. Qb7+ Ke6 55. f4 exf4+ 56. Kxf4 Kd6 57. Qb5 Ke6 58. g3 Kd6 59. Rxf6+
Ke7 60. Ra6 Kf7 61. Qb7+ Kf8 62. Ra8# 1-0

[Event "Junior Online 4NCL Division 5"]
[Site "online"]
[Date "2020.04.16"]
[Round "1.235"]
[White "Conway, Tom"]
[Black "Sareen, Rohan"]
[Result "0-1"]
[WhiteElo "747"]
[BlackElo "1187"]
[PlyCount "26"]
[EventDate "2020.04.16"]
[WhiteTeam "Gonzaga College SJ D"]
[BlackTeam "Hallfield School C"]

1. e4 e5 2. Nf3 Nc6 3. Bb5 Nf6 4. d3 Bc5 5. O-O Nd4 6. Bc4 d6 7. Nxd4 Bxd4 8.
c3 Bb6 9. Re1 Ng4 10. Re2 Qh4 11. h3 Nxf2 12. Qf1 Nxh3+ 13. Kh1 Nf4# 0-1

[Event "Junior Online 4NCL Division 5"]
[Site "online"]
[Date "2020.04.16"]
[Round "1.236"]
[White "Agrawal, Anay"]
[Black "Carton, John"]
[Result "1/2-1/2"]
[WhiteElo "1210"]
[BlackElo "716"]
[PlyCount "53"]
[EventDate "2020.04.16"]
[WhiteTeam "Hallfield School C"]
[BlackTeam "Gonzaga College SJ D"]

1. d4 d5 2. c4 dxc4 3. e4 Nf6 4. Bxc4 Nxe4 5. f3 Nd6 6. Bd3 Bf5 7. Nc3 Bxd3 8.
Qxd3 e6 9. Bf4 Nc6 10. d5 exd5 11. Nxd5 Be7 12. Qe3 Nf5 13. Qe4 Nd6 14. Bxd6
Qxd6 15. Rd1 O-O-O 16. Nb6+ cxb6 17. Rxd6 Rxd6 18. Ne2 Bf6 19. b3 Rdd8 20. Qg4+
Kb8 21. O-O Rhe8 22. Nf4 Ne5 23. Qg3 g5 24. Nh5 Rd6 25. Nxf6 Rxf6 26. Re1 Rfe6
27. Qxg5 1/2-1/2

[Event "Junior Online 4NCL Division 5"]
[Site "online"]
[Date "2020.04.16"]
[Round "1.237"]
[White "Enkhbaatar, Temuulen"]
[Black "Murthy, Rishab"]
[Result "1-0"]
[WhiteElo "634"]
[BlackElo "1150"]
[PlyCount "63"]
[EventDate "2020.04.16"]
[WhiteTeam "Gonzaga College SJ D"]
[BlackTeam "Hallfield School C"]

1. e4 e5 2. Nf3 Nc6 3. Bc4 Bc5 4. d3 h6 5. Nc3 a6 6. O-O Nf6 7. a3 b5 8. Bd5
Nxd5 9. Nxd5 O-O 10. Ne3 Bxe3 11. Bxe3 d6 12. h3 g5 13. Nd2 Nd4 14. c3 Nc6 15.
Qh5 Qf6 16. h4 Qg6 17. Qxg6+ fxg6 18. hxg5 hxg5 19. Bxg5 Nd8 20. Nf3 Ne6 21.
Bh6 Ng7 22. Nh4 Rf6 23. Bg5 Re6 24. f4 exf4 25. Rxf4 Re8 26. Rf6 Rf8 27. Rxg6
Kh8 28. Bf6 Rg8 29. Nf5 Bxf5 30. exf5 Raf8 31. Re1 Re8 32. Rh6# 1-0

[Event "Junior Online 4NCL Division 5"]
[Site "online"]
[Date "2020.04.16"]
[Round "1.238"]
[White "Gandhi, Preesh"]
[Black "Maher, James"]
[Result "1-0"]
[WhiteElo "947"]
[BlackElo "627"]
[PlyCount "151"]
[EventDate "2020.04.16"]
[WhiteTeam "Hallfield School C"]
[BlackTeam "Gonzaga College SJ D"]

1. e4 e5 2. Nf3 Nc6 3. Nc3 d6 4. d4 Bg4 5. d5 Bxf3 6. Qxf3 Nce7 7. Bb5+ c6 8.
dxc6 bxc6 9. Ba4 Nf6 10. Bg5 Nd7 11. Bxe7 Qxe7 12. Bxc6 Rc8 13. Bxd7+ Qxd7 14.
Nd5 Rxc2 15. b3 Be7 16. Nxe7 Qxe7 17. O-O O-O 18. Qd3 Qc7 19. Qe3 Rc8 20. f4 f6
21. fxe5 dxe5 22. b4 a6 23. Qb3+ Qf7 24. Qa3 Qe6 25. Qd3 R2c3 26. Qd2 Rc2 27.
Qd1 Rxa2 28. Rxa2 Qxa2 29. Qd3 Qa4 30. Qd5+ Kf8 31. Qd6+ Ke8 32. Qe6+ Kd8 33.
Rd1+ Kc7 34. Qc4+ Kb7 35. Qd5+ Qc6 36. Qf7+ Qc7 37. Rd7 Kb8 38. Rxc7 Rxc7 39.
Qf8+ Kb7 40. Qd6 Rc6 41. Qd5 g5 42. b5 axb5 43. Qxb5+ Rb6 44. Qd7+ Ka6 45. Qa4+
Kb7 46. Qd7+ Ka6 47. Qxh7 Rb7 48. Qf5 Rb4 49. Qxf6+ Rb6 50. Qxe5 Rb5 51. Qd6+
Rb6 52. Qa3+ Kb7 53. e5 Kc6 54. e6 Kc7 55. e7 Rb8 56. Qg3+ Kc8 57. Qc3+ Kb7 58.
Qe3 Re8 59. Qxg5 Kc7 60. Qf6 Kd7 61. Qd4+ Ke6 62. Qb6+ Kxe7 63. Qe3+ Kd8 64.
Qd3+ Ke7 65. h4 Rh8 66. Qc3 Rxh4 67. Qe1+ Kf7 68. Qxh4 Kg6 69. g4 Kg7 70. g5
Kg6 71. Qh6+ Kf5 72. Qf6+ Kg4 73. g6 Kh5 74. g7 Kg4 75. g8=Q+ Kh5 76. Qfh8# 1-0

[Event "Junior Online 4NCL Division 5"]
[Site "online"]
[Date "2020.04.16"]
[Round "1.241"]
[White "Lewis, Iolo"]
[Black "Sapsford, Oliver"]
[Result "0-1"]
[WhiteElo "694"]
[BlackElo "1359"]
[PlyCount "38"]
[EventDate "2020.04.16"]
[WhiteTeam "PSE Panthers"]
[BlackTeam "Entangled States"]

1. d4 e6 2. Nc3 d5 3. e4 c5 4. dxc5 Bxc5 5. Nf3 Nf6 6. Bb5+ Bd7 7. Bxd7+ Nbxd7
8. Bg5 Qb6 9. Bxf6 Nxf6 10. h3 Bxf2+ 11. Kf1 Bg3 12. Ke2 Qf2+ 13. Kd3 dxe4+ 14.
Nxe4 Rd8+ 15. Nd4 Qxd4+ 16. Ke2 Qxe4+ 17. Kf1 Rxd1+ 18. Rxd1 Qe3 19. Rd2 Qe1#
0-1

[Event "Junior Online 4NCL Division 5"]
[Site "online"]
[Date "2020.04.16"]
[Round "1.242"]
[White "Watkins, Gabby"]
[Black "Howell, Lewis"]
[Result "1/2-1/2"]
[WhiteElo "1045"]
[BlackElo "653"]
[PlyCount "109"]
[EventDate "2020.04.16"]
[WhiteTeam "Entangled States"]
[BlackTeam "PSE Panthers"]

1. c4 e5 2. g3 Nf6 3. Bg2 Nc6 4. a3 d5 5. cxd5 Nxd5 6. e3 Bf5 7. e4 Bxe4 8.
Bxe4 Nf6 9. Bg2 Bd6 10. Ne2 O-O 11. d4 exd4 12. Nxd4 Nxd4 13. Qxd4 Re8+ 14. Be3
c5 15. Qd2 Ne4 16. Qd3 Nf6 17. Bxb7 Rb8 18. Bg2 Rxb2 19. Nc3 Be5 20. Qxd8 Bxc3+
21. Kf1 Rxd8 22. Bxc5 Rdd2 23. Bxa7 Rb3 24. Bh3 Bxa1 25. Kg2 Bd4 26. Bxd4 Rxd4
27. Rc1 h6 28. Bf5 g6 29. Bb1 Rxa3 30. Rc8+ Kg7 31. Rc7 Rb3 32. Ba2 Rb2 33.
Bxf7 Ng4 34. Be6+ Kf6 35. Bxg4 Rxg4 36. h3 Ra4 37. h4 Raa2 38. Rc6+ Ke5 39.
Rxg6 Rxf2+ 40. Kh3 h5 41. Rg5+ Rf5 42. Rg8 Ke4 43. Re8+ Kf3 44. Rg8 Rg2 45. Rb8
Rxg3+ 46. Kh2 Rd5 47. Rb3+ Kg4 48. Rxg3+ Kxh4 49. Rh3+ Kg5 50. Rg3+ Kh6 51. Kh3
Rd4 52. Rg8 h4 53. Rg4 Rxg4 54. Kxg4 h3 55. Kxh3 1/2-1/2

[Event "Junior Online 4NCL Division 5"]
[Site "online"]
[Date "2020.04.16"]
[Round "1.243"]
[White "Evans, Finley"]
[Black "Rathkey, Nia"]
[Result "0-1"]
[WhiteElo "617"]
[BlackElo "963"]
[PlyCount "26"]
[EventDate "2020.04.16"]
[WhiteTeam "PSE Panthers"]
[BlackTeam "Entangled States"]

1. e4 e5 2. Nf3 Nc6 3. c3 Nf6 4. d4 d6 5. Bc4 Bg4 6. O-O Qd7 7. h3 Bxf3 8. gxf3
O-O-O 9. Nd2 Kb8 10. Rb1 Qxh3 11. Re1 Nh5 12. b4 Nf4 13. b5 Qg2# 0-1

[Event "Junior Online 4NCL Division 5"]
[Site "online"]
[Date "2020.04.16"]
[Round "1.244"]
[White "Rees, Jack"]
[Black "Yeadon, William"]
[Result "1-0"]
[WhiteElo "666"]
[BlackElo "525"]
[PlyCount "107"]
[EventDate "2020.04.16"]
[WhiteTeam "Entangled States"]
[BlackTeam "PSE Panthers"]

1. e4 d5 2. Nc3 dxe4 3. Nxe4 f5 4. Bb5+ Bd7 5. Bd3 fxe4 6. Bxe4 e5 7. Qh5+ g6
8. Qxe5+ Be7 9. Qxh8 Nc6 10. Qxg8+ Bf8 11. Qxg6+ Ke7 12. Qxh7+ Kd6 13. d4 Nxd4
14. Bf4+ Kc5 15. O-O-O Bg4 16. f3 Bd7 17. Qh8 Ba4 18. b3 Bc6 19. Nh3 Bxe4 20.
fxe4 Ne2+ 21. Kb1 Qe7 22. Rhe1 Nc3+ 23. Qxc3+ Kb5 24. Bg5 Qa3 25. Qb2 Qxb2+ 26.
Kxb2 a5 27. c4+ Kc5 28. Rd5+ Kc6 29. e5 Bb4 30. Rf1 b6 31. e6 Rh8 32. Bd2 Bxd2
33. Rxd2 b5 34. cxb5+ Kxb5 35. g4 c5 36. g5 Rxh3 37. e7 Rh8 38. g6 Re8 39. Rd7
a4 40. bxa4+ Kxa4 41. Rf8 Rxf8 42. exf8=Q c4 43. Qa3+ Kb5 44. Rb7+ Kc6 45. Qa6+
Kc5 46. Rb5+ Kd4 47. g7 c3+ 48. Ka3 c2 49. Qc6 Kd3 50. g8=Q c1=Q+ 51. Qxc1 Ke2
52. Rb3 Kf2 53. Qc2+ Kf1 54. Rb1# 1-0

[Event "Junior Online 4NCL Division 5"]
[Site "online"]
[Date "2020.04.16"]
[Round "1.245"]
[White "Sapsford, Oliver"]
[Black "Lewis, Iolo"]
[Result "1-0"]
[WhiteElo "1359"]
[BlackElo "694"]
[PlyCount "79"]
[EventDate "2020.04.16"]
[WhiteTeam "Entangled States"]
[BlackTeam "PSE Panthers"]

1. e4 e6 2. d4 d5 3. e5 Nc6 4. Nf3 f6 5. Bb5 fxe5 6. dxe5 Bb4+ 7. c3 Bc5 8. O-O
Bd7 9. c4 Nb4 10. Bxd7+ Kxd7 11. Qa4+ Nc6 12. cxd5 exd5 13. Rd1 a6 14. Rxd5+
Ke8 15. Rxd8+ Rxd8 16. h3 b5 17. Qxa6 Rd1+ 18. Kh2 Nb4 19. Qxb5+ c6 20. Qxc5
Nd3 21. Qxc6+ Kf8 22. Bg5 Nxf2 23. Qc5+ Ke8 24. Qxf2 Ne7 25. Qc5 Nf5 26. Qc8+
Kf7 27. Qxh8 Ne7 28. Qxh7 Rd8 29. Bxe7 Kxe7 30. Qxg7+ Ke6 31. Qf6+ Kd5 32. Nc3+
Kc4 33. Rd1 Rc8 34. Ne4 Kb5 35. Rd3 Rc6 36. Qd8 Kc4 37. Rc3+ Kb5 38. Qb8+ Rb6
39. Nd4+ Ka6 40. Ra3# 1-0

[Event "Junior Online 4NCL Division 5"]
[Site "online"]
[Date "2020.04.16"]
[Round "1.246"]
[White "Howell, Lewis"]
[Black "Watkins, Gabby"]
[Result "0-1"]
[WhiteElo "653"]
[BlackElo "1045"]
[PlyCount "74"]
[EventDate "2020.04.16"]
[WhiteTeam "PSE Panthers"]
[BlackTeam "Entangled States"]

1. e4 c6 2. Bc4 d5 3. exd5 cxd5 4. Bb3 Nf6 5. c4 dxc4 6. Bxc4 Bf5 7. d4 e6 8.
Bg5 Be7 9. Bxf6 Bxf6 10. d5 Bxb2 11. Nd2 Bxa1 12. Qxa1 O-O 13. dxe6 Bxe6 14.
Bxe6 fxe6 15. Qd1 Nc6 16. Ngf3 Qb6 17. O-O Rae8 18. Nc4 Qc5 19. Qc1 b5 20. Ne3
Qxc1 21. Rxc1 Nb4 22. Ne5 Nxa2 23. Rc2 Nb4 24. Rc5 a6 25. Rc7 Nd5 26. Nxd5 exd5
27. h3 Rxe5 28. f4 Re4 29. g3 d4 30. Kf1 Rfe8 31. Ra7 d3 32. Rxa6 d2 33. Ra1
Re1+ 34. Rxe1 dxe1=Q+ 35. Kg2 Qe2+ 36. Kg1 Rd8 37. Kh1 Rd1# 0-1

[Event "Junior Online 4NCL Division 5"]
[Site "online"]
[Date "2020.04.16"]
[Round "1.247"]
[White "Rathkey, Nia"]
[Black "Evans, Finley"]
[Result "1-0"]
[WhiteElo "963"]
[BlackElo "617"]
[PlyCount "71"]
[EventDate "2020.04.16"]
[WhiteTeam "Entangled States"]
[BlackTeam "PSE Panthers"]

1. e4 Nf6 2. Nc3 c6 3. d4 d5 4. exd5 cxd5 5. Nf3 e6 6. Bb5+ Bd7 7. Bxd7+ Nbxd7
8. Bg5 h6 9. Bxf6 gxf6 10. O-O Rc8 11. Qe2 Bb4 12. Nb5 a6 13. Nd6+ Ke7 14.
Nxc8+ Ke8 15. Na7 Qa8 16. a3 Bd6 17. b4 Qxa7 18. Nh4 Rg8 19. Qe3 Rh8 20. Qg3
Bxg3 21. fxg3 Qxd4+ 22. Kh1 Qc3 23. Rac1 Qxa3 24. c3 Ke7 25. c4 Qxb4 26. cxd5
exd5 27. Rc7 Qb5 28. Nf5+ Ke6 29. Nd4+ Kd6 30. Nxb5+ Ke6 31. Nd4+ Ke5 32. Nf3+
Ke4 33. Rxd7 Ke3 34. Rxd5 Ke2 35. Re1+ Kf2 36. Rd2# 1-0

[Event "Junior Online 4NCL Division 5"]
[Site "online"]
[Date "2020.04.16"]
[Round "1.248"]
[White "Yeadon, William"]
[Black "Rees, Jack"]
[Result "0-1"]
[WhiteElo "525"]
[BlackElo "666"]
[PlyCount "68"]
[EventDate "2020.04.16"]
[WhiteTeam "PSE Panthers"]
[BlackTeam "Entangled States"]

1. e4 e5 2. Nf3 Nc6 3. Bb5 Nf6 4. Bxc6 dxc6 5. Nxe5 Nxe4 6. d3 Bb4+ 7. Bd2
Bxd2+ 8. Nxd2 Qe7 9. dxe4 Qxe5 10. O-O O-O 11. f4 Qc5+ 12. Rf2 Qd6 13. Nc4 Qg6
14. f5 Qg5 15. g4 Qh4 16. Qf3 Rd8 17. Rd1 Rf8 18. b4 b6 19. a4 Ba6 20. Rd4 Rad8
21. Rxd8 Rxd8 22. Qc3 Rd1+ 23. Rf1 Qxg4+ 24. Kf2 Qf4+ 25. Ke2 Qxf1+ 26. Ke3
Qh3+ 27. Kf4 Qxc3 28. Ne5 Qxb4 29. Nxc6 Rf1+ 30. Kg5 Qd6 31. Nxa7 h6+ 32. Kh5
Qxh2+ 33. Kg4 Qg2+ 34. Kh4 Rh1# 0-1